Countries with the same name in Dutch, English, Finnish, German, Italian and Polish - Statistics

General Stats
  • This quiz has been taken 2,880 times
  • The average score is 12 of 29
Answer Stats
Country % Correct
Iran
54%
Oman
52%
Nauru
51%
Niger
51%
Tuvalu
50%
Samoa
49%
Togo
49%
Tonga
49%
Vanuatu
49%
Mali
47%
Nigeria
45%
Panama
44%
Angola
43%
Ghana
43%
Kiribati
41%
Laos
41%
Lesotho
41%
Pakistan
39%
Belize
35%
Brunei
35%
Sri Lanka
35%
Burundi
34%
Honduras
33%
Liechtenstein
33%
Botswana
30%
Malawi
30%
Liberia
29%
Burkina Faso
28%
Sierra Leone
25%
No matching quizzes found
Score Distribution
Percent of People with Each Score
Percentile by Number Answered
Your Score History
You have not taken this quiz